| 000 | 00919cab a2200277 4500 | ||
|---|---|---|---|
| 001 | ABS36399 | ||
| 008 | 090401t1986 xxu||||| |||| 00| 0 eng d | ||
| 035 | _a(Sirsi) u77642 | ||
| 041 | _aeng | ||
| 100 | _aLindberg, B. | ||
| 245 | _aMoisture and painted wood | ||
| 260 | _c1986 | ||
| 350 | _a0 | ||
| 490 |
_aJOCCA _v69 (6) June 1986, 155-158 (4) |
||
| 520 | _aIn Sweden it has been estimated that it will cost approximately 2,000 million skr. to repair painted wooden window frames suffering from rot decay caused by the accumulation of moisture in the painted wood followed by an attack of wood fungi, and to protect threatened windows. | ||
| 650 | _aBUILDING DEFECTS | ||
| 650 | _aDAMP | ||
| 650 | _aFUNGI | ||
| 650 | _aPAINT | ||
| 650 | _aSWEDEN | ||
| 650 | _aTIMBER | ||
| 650 | _aWINDOW FRAMES | ||
| 690 | _aBUILDING AND CONSTRUCTION-DEFECTS AND FAILURES | ||
| 942 | _n0 | ||
| 948 | _c04/03/1997 | ||
| 999 |
_c48804 _d48804 |
||